[Event "Porto Alegre op"]
[Site "Porto Alegre"]
[Date "2023.08.26"]
[Round "3"]
[White "Gorgen, Antonio Rebello Hor"]
[Black "Becker, Werner Cantalicio J"]
[Result "1-0"]
[WhiteElo "1798"]
[BlackElo "1519"]
[PlyCount "63"]
[EventDate "2023.08.25"]
[EventType "swiss"]
[EventRounds "5"]
[EventCountry "BRA"]
[SourceTitle "EXT 2024"]
[Source "ChessBase"]
[SourceDate "2023.10.10"]
[SourceVersion "1"]
[SourceVersionDate "2023.10.10"]
[SourceQuality "1"]

1. d4 f6 2. Nf3 d6 3. e4 Bg4 4. h3 Bh5 5. Be2 Nd7 6. 0-0 Bf7 7. c4 e5 8. Nc3 Ne7 9. Qb3 b6 10. dxe5 fxe5 11. Bg5 h6 12. Bh4 g5 13. Bg3 Nc5 14. Qc2 Ng6 15. Rad1 Nf4 16. Nxe5 Nxe2+ 17. Qxe2 Be6 18. Qh5+ Ke7 19. Ng6+ Kd7 20. Nxh8 Qf6 21. Ng6 Bg7 22. Ne5+ Ke7 23. Nc6+ Kd7 24. e5 Qf8 25. Nd4 Bxc4 26. Qg4+ Ne6 27. Nxe6 Bxe6 28. Qf3 Qh8 29. exd6 c6 30. Rfe1 Rf8 31. Qe2 Re8 32. Qa6 1-0

[Event "Berlin-ch Seniors op 39th"]
[Site "Berlin"]
[Date "2023.01.26"]
[Round "3"]
[White "Becker, Werner Cantalicio J"]
[Black "Schmidt, Juergen"]
[Result "1/2-1/2"]
[WhiteElo "1780"]
[BlackElo "1952"]
[PlyCount "55"]
[EventDate "2023.01.24"]
[EventType "swiss"]
[EventRounds "9"]
[EventCountry "GER"]
[SourceTitle "CBM 212 Extra"]
[Source "ChessBase"]
[SourceDate "2023.03.31"]
[SourceVersion "1"]
[SourceVersionDate "2023.03.31"]
[SourceQuality "1"]

1. Nf3 d5 2. g3 Nf6 3. Bg2 e6 4. 0-0 Be7 5. d4 0-0 6. c4 c6 7. b3 Nbd7 8. cxd5 exd5 9. Nc3 Bd6 10. Bb2 Re8 11. e3 Nf8 12. Re1 Ng6 13. Qc2 Bb4 14. Nd2 Ne7 15. a3 Ba5 16. b4 Bb6 17. Rac1 Bf5 18. Qb3 Nc8 19. Na4 Nd6 20. Nc5 Rb8 21. f3 Bg6 22. Nd3 Nd7 23. Nf4 a5 24. Nxg6 hxg6 25. Kh1 axb4 26. axb4 Nb5 27. Bf1 Nf6 28. Bxb5 1/2-1/2

[Event "Porto Alegre Metropole op 1st"]
[Site "Porto Alegre"]
[Date "2019.05.05"]
[Round "4"]
[White "Becker, Werner Cantalicio J"]
[Black "Bidigaray, Marcio"]
[Result "0-1"]
[WhiteElo "1753"]
[BlackElo "1613"]
[PlyCount "84"]
[EventDate "2019.05.03"]
[EventType "swiss"]
[EventRounds "5"]
[EventCountry "BRA"]
[SourceTitle "CBM 190 Extra"]
[Source "ChessBase"]
[SourceDate "2019.07.15"]
[SourceVersion "1"]
[SourceVersionDate "2019.07.15"]
[SourceQuality "1"]

1. e4 e5 2. Nf3 Nc6 3. Bc4 Bc5 4. 0-0 Nf6 5. Nc3 0-0 6. a3 d6 7. d3 Be6 8. Bxe6 fxe6 9. Na4 Bb6 10. Nxb6 axb6 11. Bd2 Qe8 12. h3 Nh5 13. g3 Qf7 14. Kg2 h6 15. Nh4 g5 16. Nf3 Kh7 17. Bxg5 Qxf3+ 18. Qxf3 Rxf3 19. Bxh6 Rf7 20. Be3 Raf8 21. c3 Na5 22. b4 Nc6 23. a4 d5 24. b5 d4 25. Bd2 dxc3 26. Bxc3 Nd4 27. Rab1 Rg8 28. a5 Nf4+ 29. Kh2 Nxd3 30. Bxd4 exd4 31. a6 bxa6 32. bxa6 Rxf2+ 33. Rxf2 Nxf2 34. Rf1 Nxe4 35. Rf7+ Kg6 36. Rxc7 Ra8 37. Rc6 Rxa6 38. Rxe6+ Kf5 39. Rc6 Ra2+ 40. Kg1 d3 41. Rxb6 Rc2 42. Rb5+ Nc5 0-1